000 00908cam a2200241 a 4500
001 000014626
005 20200929163857.0
008 951109s1992 cu ab b 000 0 spa d
020 _a8488296029
040 _aDO-SdBNP
_bspa
_cDLC
_dBNPHU
082 _a307.76097291
_bR763n
100 1 _aRomero Alfau, Fermín.
_933134
245 1 3 _aLa noble Habana :
_bplazas, fortalezas, iglesias y conventos /
_cFermín Romero Alfau.
260 _aLa Habana, Cuba :
_bEditorial Pablo de la Torriente,
_c1992.
300 _axii, 137 p. :
_bil., mapas ;
_c18 cm.
504 _aIncluye referencias bibliográficas (p. 135-137).
651 4 _aHabana (Cuba{Rpara}
_xDescripción
_933135
651 4 _aHabana (Cuba{Rpara}
_xGuia De Viajes
_933136
651 4 _aHabana (Cuba{Rpara}
_xHistoria
_933137
651 4 _aHabana (Cuba{Rpara}
_xVida Social Y Costumbres
_923909
910 _aCatalogación por copia / LC
049 _aBNGR
999 _c14210
_d14210